000 00300nam a2200121Ia 4500
008 190216s9999||||xx |||||||||||||| ||und||
100 _aBhargava B K
245 0 _aIndian Economics Full View At A Glance
260 _bSudha Pubs Pvt Ltd
_c1992
300 _a562 pag
650 _aEconomics
942 _cBK
999 _c9870
_d9870